000
00337 a2200145 4500
001
155676
040
_c
Escola São Tomás de Aquino
100
_a
GONZAGA, Tomás Antônio
240
1
0
_a
Tomás Antônio Gonzaga
_l
por
245
1
0
_a
Tomás Antônio Gonzaga
300
_a
106
362
0
_a
1980
697
_a
GENERALIDADES
942
_c
BK
999
_c
155676
_d
155676